| 000 | 00533 a2200169 4500 | ||
|---|---|---|---|
| 005 | 20250627100849.0 | ||
| 020 | _a0-07-283494-3 | ||
| 082 | _aLECT 658.151 GAR | ||
| 100 | _aGARRISON, R. H. | ||
| 245 | _aManagerial Accounting. | ||
| 250 | _a11th Ed. | ||
| 260 |
_aNew York, _bMcGraw-Hill, _c2006. |
||
| 300 |
_axvi, 863p.: ill.; chart, figure, picture, table _bGlossary & Index _c28cm. |
||
| 700 | _aNOREEN, E. W. & BREWER, P. C. | ||
| 856 |
_yAccess Online Book _fManagerial Accounting _dwww.mhhe.com/garrison11e. |
||
| 942 |
_2ddc _cBKS |
||
| 999 |
_c3562 _d3562 |
||